Mary on horseback : (Record no. 7849)

MARC details
000 -LEADER
fixed length control field 01215nam a22003017a 4500
001 - CONTROL NUMBER
control field 7849
003 - CONTROL NUMBER IDENTIFIER
control field FISKH
005 - DATE AND TIME OF LATEST TRANSACTION
control field 20250812092629.0
008 - FIXED-LENGTH DATA ELEMENTS--GENERAL INFORMATION
fixed length control field 250812b cb ||||| |||| 00| 0 eng d
020 ## - INTERNATIONAL STANDARD BOOK NUMBER
International Standard Book Number 0439207304
040 ## - CATALOGING SOURCE
Original cataloging agency DLC
Transcribing agency DLC
Modifying agency DLC
Language of cataloging eng
050 ## - LIBRARY OF CONGRESS CALL NUMBER
Classification number RT37.B72 W44
082 ## - DEWEY DECIMAL CLASSIFICATION NUMBER
Classification number 610.73092
100 1# - MAIN ENTRY--PERSONAL NAME
Personal name Wells, Rosemary
Dates associated with a name (1943–)
245 10 - TITLE STATEMENT
Title Mary on horseback :
Remainder of title three mountain stories /
Statement of responsibility, etc. Rosemary Wells ; Pictures by Peter McCarty.
250 ## - EDITION STATEMENT
Edition statement This edition first published in 2000
260 ## - PUBLICATION, DISTRIBUTION, ETC.
Place of publication, distribution, etc. New York :
Name of publisher, distributor, etc. Dial Books for Young Readers,
Date of publication, distribution, etc. 1998.
300 ## - PHYSICAL DESCRIPTION
Extent 53 pages :
Other physical details illustrations ;
Dimensions 20 cm.
505 ## - FORMATTED CONTENTS NOTE
Formatted contents note R<br/>
520 ## - SUMMARY, ETC.
Summary, etc. Tells the stories of three families who were helped by the work of Mary Breckinridge, the first nurse to go into the Appalachian Mountains and give medical care to the isolated inhabitants. Includes an afterword with facts about Breckinridge and the Frontier Nursing Service she founded.<br/>
521 8# - TARGET AUDIENCE NOTE
Target audience note 660<br/>
Source Lexile<br/>
521 8# - TARGET AUDIENCE NOTE
Target audience note R<br/>
Source Raz-Plus<br/>
650 #0 - SUBJECT ADDED ENTRY--TOPICAL TERM
Topical term or geographic name entry element Nurses
Geographic subdivision Kentucky
General subdivision Juvenile literature.
650 #0 - SUBJECT ADDED ENTRY--TOPICAL TERM
Topical term or geographic name entry element Medical care
Geographic subdivision Kentucky
General subdivision History
-- Juvenile literature.
700 1# - ADDED ENTRY--PERSONAL NAME
Personal name McCarty, Peter
Relator term illustrator
942 ## - ADDED ENTRY ELEMENTS (KOHA)
Source of classification or shelving scheme Dewey Decimal Classification
Koha item type Books
Suppress in OPAC No
Holdings
Withdrawn status Lost status Source of classification or shelving scheme Damaged status Not for loan Collection Home library Current library Shelving location Date acquired Total Checkouts Full call number Barcode Date last seen Copy number Price effective from Koha item type
    Dewey Decimal Classification     Juvenile Fiction Footprints International School Library Network Toul Tom Poung Campus Footprints International School Library Network Toul Tom Poung Campus TTP Primary Orange Bookshelves 08/12/2025   WEL 610.73092 RT37.B72 W44 FISTK00655 08/12/2025 1 08/12/2025 Books